Gestión medioambiental de los costos en turismo (Registro nro. 11163)

Detalles MARC
000 -LEADER
fixed length control field 00354 a2200121 4500
001 - CONTROL NUMBER
control field ART_5658
005 - DATE AND TIME OF LATEST TRANSACTION
control field 20260410161617.0
008 - FIXED-LENGTH DATA ELEMENTS--GENERAL INFORMATION
fixed length control field 260409a
100 1# - MAIN ENTRY--PERSONAL NAME
Personal name Fronti de García, Luisa
245 10 - TITLE STATEMENT
Title Gestión medioambiental de los costos en turismo
700 1# - ADDED ENTRY--PERSONAL NAME
Personal name Iacomucci, Norma H.
773 0# - HOST ITEM ENTRY
Title Enfoques
Related parts - Nº 7 (jul. 2006)
Record control number REV416

No hay ítems disponibles.